| 000 | 00655nam a22002057a 4500 | ||
|---|---|---|---|
| 005 | 20161108125634.0 | ||
| 010 | _aENG-116477 | ||
| 020 |
_c850.00 _a9780199464814 |
||
| 020 |
_c850.00 _a0199464812 |
||
| 035 | _aEN-100009 | ||
| 037 | _bDBAD/PUB | ||
| 082 | _a399.46095443 | ||
| 100 | _aBreman,Jan | ||
| 245 |
_aOn pauperism in present and past / _cby Jan Breman |
||
| 260 |
_aNew Delhi _bOxford University Press _c2016 |
||
| 270 |
_aYMCA Library Building, 1 Jai Singh Road, _bNew Delhi _e110001 |
||
| 300 |
_aviii,290p. _c23cm(Hb) |
||
| 500 | _aIncludes bibliographical references and index | ||
| 942 |
_2ddc _cEN _mBRE _h339.46095443 |
||
| 999 |
_c104519 _d104519 |
||